【1999年】佐賀県の「町」の読み - Statistics

General Stats
  • This quiz has been taken 6 times
  • The average score is 25 of 37
Answer Stats
Question Answer % Correct
小城町 まち
100%
白石町 ちょう
100%
福富町 まち
100%
川副町 まち
80%
三田川町 ちょう
80%
中原町 ちょう
80%
北茂安町 ちょう
80%
上峰町 ちょう
80%
牛津町 ちょう
80%
厳木町 まち
80%
肥前町 ちょう
80%
有田町 まち
80%
北方町 まち
80%
太良町 ちょう
80%
諸富町 ちょう
60%
東与賀町 ちょう
60%
久保田町 ちょう
60%
大和町 ちょう
60%
富士町 ちょう
60%
神埼町 まち
60%
千代田町 ちょう
60%
基山町 ちょう
60%
三根町 ちょう
60%
三日月町 ちょう
60%
芦刈町 ちょう
60%
浜玉町 ちょう
60%
玄海町 ちょう
60%
鎮西町 ちょう
60%
呼子町 ちょう
60%
西有田町 ちょう
60%
大町町 ちょう
60%
江北町 まち
60%
有明町 ちょう
60%
塩田町 ちょう
60%
嬉野町 まち
60%
相知町 ちょう
40%
山内町 ちょう
40%
No matching quizzes found
Score Distribution
Percent of People with Each Score
Percentile by Number Answered
Your Score History
You have not taken this quiz